Changing perceptions (Record no. 84763)
[ view plain ]
| 000 -LEADER | |
|---|---|
| fixed length control field | 00728cab a22001695a 4500 |
| 001 - CONTROL NUMBER | |
| control field | L159000 |
| 008 - FIXED-LENGTH DATA ELEMENTS--GENERAL INFORMATION | |
| fixed length control field | 150717e2015 xxk 000 0 eng d |
| 035 ## - SYSTEM CONTROL NUMBER | |
| System control number | (Sirsi) u159000 |
| 041 0# - LANGUAGE CODE | |
| Language code of text/sound track or separate title | eng |
| 100 1# - MAIN ENTRY--PERSONAL NAME | |
| Personal name | Schunmann, Damon |
| 245 00 - TITLE STATEMENT | |
| Title | Changing perceptions |
| Remainder of title | Closing the skill gap |
| -- | supplement |
| 490 ## - SERIES STATEMENT | |
| Series statement | Construction news |
| Volume/sequential designation | (7425) 27 November 2015 |
| 520 ## - SUMMARY, ETC. | |
| Summary, etc. | Aims to ramp up the skills agenda by providing practical guidance and best practice from pioneering enterprises that have proven their effectiveness. At the same time, it examines the reformative diversity and inclusion issues that are a crucial part of efforts to tackle the skills gap. |
| 651 #4 - SUBJECT ADDED ENTRY--GEOGRAPHIC NAME | |
| Geographic name | United Kingdom |
| Chronological subdivision | |
| 690 ## - LOCAL SUBJECT ADDED ENTRY--TOPICAL TERM (OCLC, RLIN) | |
| Topical term or geographic name as entry element | CONSTRUCTION |
| 942 ## - ADDED ENTRY ELEMENTS (KOHA) | |
| Suppress in OPAC | 0 |
| Withdrawn status | Lost status | Source of classification or shelving scheme | Damaged status | Not for loan | Home library | Current library | Shelving location | Date acquired | Total Checkouts | Full call number | Barcode | Date last seen | Copy number | Price effective from | Koha item type |
|---|---|---|---|---|---|---|---|---|---|---|---|---|---|---|---|
| Dewey Decimal Classification | London | London | Journal article | 01/12/2015 | L159000 | 159000-1001 | 06/08/2019 | 1 | 06/08/2019 | Journal article |